Southville International School and Colleges
Your cart is empty.
  • Cart
  • Lists
    Public lists Eva Luna New books Lux_list list_1
    Your lists Log in to create your own lists
  • Log in to your account
  • Your cookies
  • Search history
Southville International School and Colleges
  • Advanced search
  • Recent comments
  • Most popular
  • Libraries

Log in to your account

Log in with GOOGLE


If you do not have an external account, but do have a local account, you can still log in:

  1. Home
  2. MARC view: The Senator :
Normal view MARC view ISBD view

The Senator : (Record no. 9366)

[ view plain ]
MARC details
000 -LEADER
fixed length control field 01222cam a2200337 a 4500
001 - CONTROL NUMBER
control field 4423755
003 - CONTROL NUMBER IDENTIFIER
control field OSt
005 - DATE AND TIME OF LATEST TRANSACTION
control field 20140310182110.0
008 - FIXED-LENGTH DATA ELEMENTS--GENERAL INFORMATION
fixed length control field 930719s1992 nyua 001 0deng
010 ## - LIBRARY OF CONGRESS CONTROL NUMBER
LC control number 93179103
020 ## - INTERNATIONAL STANDARD BOOK NUMBER
International Standard Book Number 0312091346 :
Terms of availability $23.95 ($32.99 Can.)
040 ## - CATALOGING SOURCE
Original cataloging agency DLC
Transcribing agency DLC
Modifying agency DLC
043 ## - GEOGRAPHIC AREA CODE
Geographic area code n-us---
050 00 - LIBRARY OF CONGRESS CALL NUMBER
Classification number En 840.8.K35
Item number B86 1992
082 00 - DEWEY DECIMAL CLASSIFICATION NUMBER
Classification number HS 920
Item number Ke38 1992
100 1# - MAIN ENTRY--PERSONAL NAME
Personal name Burke, Richard E.
9 (RLIN) 13360
245 14 - TITLE STATEMENT
Title The Senator :
Remainder of title my ten years with Ted Kennedy /
Statement of responsibility, etc Richard E. Burke, with William and Marilyn Hoffer.
250 ## - EDITION STATEMENT
Edition statement 1st ed.
260 ## - PUBLICATION, DISTRIBUTION, ETC. (IMPRINT)
Place of publication, distribution, etc New York :
Name of publisher, distributor, etc Martin's paperbacks,
Date of publication, distribution, etc c1992.
300 ## - PHYSICAL DESCRIPTION
Extent 385 p. :
Other physical details ill. ;
Dimensions 18cm.
500 ## - GENERAL NOTE
General note Includes index.
600 10 - SUBJECT ADDED ENTRY--PERSONAL NAME
Personal name Kennedy, Edward M.
Fuller form of name (Edward Moore),
Dates associated with a name 1932-2009
General subdivision Friends and associates.
9 (RLIN) 13361
600 10 - SUBJECT ADDED ENTRY--PERSONAL NAME
Personal name Burke, Richard E.
9 (RLIN) 13362
651 #0 - SUBJECT ADDED ENTRY--GEOGRAPHIC NAME
Geographic name United States
General subdivision Politics and government
Chronological subdivision 1969-1974.
9 (RLIN) 13363
651 #0 - SUBJECT ADDED ENTRY--GEOGRAPHIC NAME
Geographic name United States
General subdivision Politics and government
Chronological subdivision 1974-1977.
9 (RLIN) 13364
651 #0 - SUBJECT ADDED ENTRY--GEOGRAPHIC NAME
Geographic name United States
General subdivision Politics and government
Chronological subdivision 1977-1981.
9 (RLIN) 13365
906 ## - LOCAL DATA ELEMENT F, LDF (RLIN)
a 7
b cbc
c orignew
d 1
e ncip
f 19
g y-gencatlg
942 ## - ADDED ENTRY ELEMENTS (KOHA)
Source of classification or shelving scheme Library of Congress Classification
Koha item type
Holdings
Withdrawn status Lost status Source of classification or shelving scheme Damaged status Home library Current library Shelving location Date acquired Total Checkouts Full call number Barcode Date last seen Copy number Price effective from Koha item type
    Library of Congress Classification   Luxembourg Library Luxembourg Library High School Section 08/24/2013   E 840.8.K35 .B86 1992 2855 08/24/2013 1 10/03/2013 Books

The Senator :

APA

Burke R. E., . (1992). The Senator. New York: Martin's paperbacks.

Chicago

Burke Richard E, . 1992. The Senator. New York: Martin's paperbacks.

Harvard

Burke R. E., . (1992). The Senator. New York: Martin's paperbacks.

MLA

Burke Richard E, . The Senator. New York: Martin's paperbacks. 1992.

  • Place hold
  • Print
  • Cite
  • Add to your cart (remove)
  • Save record
    BIBTEX Dublin Core MARCXML MARC (non-Unicode/MARC-8) MARC (Unicode/UTF-8) MARC (Unicode/UTF-8, Standard) MODS (XML) RIS
  • More searches
    Search for this title in:
    Other Libraries (WorldCat) Other Databases (Google Scholar) Online Stores (Bookfinder.com) Open Library (openlibrary.org)

Exporting to Dublin Core...

SOUTHVILLE LIBRARY

Southville International School and Colleges Library

1281 Tropical Ave. Cor. Luxembourg St., BF Homes International, Las Pinas City

Tel. No. 8256374 / 252358 Loc. 117/146

Powered by Koha